我和我追逐的垃圾車
| 資料類型: | 圖書 | 書目號: | 52941 |
Leader xxxxxxxxxx 001 __ 102580/6/01 005 __ 20190417142305.935 010 0_ |a978-986-450-229-5|b平裝|d新臺幣280元 042 __ |anbim 100 __ |a20190417d2019 k y0chiy50 e 101 0_ |achi 102 __ |atw 105 __ |ay z 000cy 200 1_ |a我和我追逐的垃圾車|f謝子凡著 205 __ |a初版 210 __ |a臺北市|c九歌|d2019[民108] 215 0_ |a237面|d21公分 225 12 |a九歌文庫|v1303 700 _1 |a謝|b子凡|4著 681 __ |a855|b8245 801 _0 |atw|bLibDipper|c20190417|gCCR |